| LEADER | 00649nam a2200169 4500 | ||
|---|---|---|---|
| 082 | |a 607.1 |b NG527M | ||
| 100 | |a Nguyễn Minh Đồng | ||
| 245 | |a Thiết kế bài giảng công nghệ THCS 8 |c Nguyễn Minh Đồng, Trịnh Xuân Lâm | ||
| 260 | |a H. |b Nxb Hà Nội |c 2004 | ||
| 300 | |a 287 tr. |c 24 cm | ||
| 520 | |a Đề cập đến vẽ kỷ thuật, cơ khí, kỹ thuật điện | ||
| 653 | |a Công nghệ | ||
| 653 | |a thiết kế | ||
| 653 | |a Bài giảng | ||
| 942 | |2 ddc |c SH | ||
| 999 | |c 6895 |d 6895 | ||
| 952 | |0 0 |1 0 |2 ddc |4 0 |6 607_100000000000000_NG527M |7 0 |8 600 |9 64438 |a qbu |b qbu |c D3 |d 2015-01-26 |g 26000 |o 607.1 NG527M |p 6712.c1 |r 0000-00-00 |w 2015-01-26 |y SH | ||